| 000 | 00543nam a22001697a 4500 | ||
|---|---|---|---|
| 003 | BD-DhUL | ||
| 005 | 20170821102503.0 | ||
| 008 | 170821s1323 ii ||||| |||| 00| 0 ara d | ||
| 040 |
_aBD-DhUL _cBD-DhUL |
||
| 082 |
_a892.71 _bIBB |
||
| 100 | 0 | _aابن الفارض | |
| 245 | 1 | 0 |
_aالبحر الفئض فی شرح القصاءد لعموبن الفارض / _cابن الفارض |
| 260 |
_aکانفور : _bالطبع الرزاقی، _c۱۳۲۳۔ |
||
| 300 |
_aص۔ ۱۰۶ ؛ _c۳۰ سم۔ |
||
| 650 | 0 | _aArabic poetry | |
| 942 |
_2ddc _cBK |
||
| 999 |
_c213551 _d213551 |
||